| 000 | 00579nam a2200181 i 4500 | ||
|---|---|---|---|
| 001 | 31781 | ||
| 003 | ES-MaACL | ||
| 005 | 20230906154436.0 | ||
| 007 | t| | ||
| 008 | 030130s1868 ne ||||1| fre d | ||
| 080 | _a519.22 | ||
| 100 | 1 |
_aBaumhauer, Marie Matthias von. _926601 |
|
| 245 | 1 | 0 |
_aIdees-méres ou plan motivé d'un programme pour la septiéme session du Congrés International de Statistique / _cMarie Matthias von Baumhauer. |
| 260 |
_aLa Haye : _b[s.n.], _c1868. |
||
| 300 |
_a82 p. ; _c23 cm. |
||
| 650 | 4 |
_aEstadística. _912520 |
|
| 852 | 4 |
_aES-MaACL _jT-146-F-4 |
|
| 999 |
_c31781 _d31781 |
||